Southville International School and Colleges
Your cart is empty.
  • Cart
  • Lists
    Public lists Eva Luna New books Lux_list list_1
    Your lists Log in to create your own lists
  • Log in to your account
  • Your cookies
  • Search history
Southville International School and Colleges
  • Advanced search
  • Recent comments
  • Most popular
  • Libraries

Log in to your account

Log in with GOOGLE


If you do not have an external account, but do have a local account, you can still log in:

  1. Home
  2. MARC view: Drugs, death & disease :
Normal view MARC view ISBD view

Drugs, death & disease : (Record no. 291587)

[ view plain ]
MARC details
000 -LEADER
fixed length control field 00716nam a2200241Ia 4500
008 - FIXED-LENGTH DATA ELEMENTS--GENERAL INFORMATION
fixed length control field 160319s9999 xx 000 0 und d
020 ## - INTERNATIONAL STANDARD BOOK NUMBER
International Standard Book Number 971-8686-33-9
050 ## - LIBRARY OF CONGRESS CALL NUMBER
Classification number FIL RT 644.A25
050 ## - LIBRARY OF CONGRESS CALL NUMBER
Item number .5B35 2001
100 ## - MAIN ENTRY--PERSONAL NAME
Personal name Balgos, Cecile C.A.
245 ## - TITLE STATEMENT
Title Drugs, death & disease :
245 ## - TITLE STATEMENT
Remainder of title reporting on AIDS in Southeast Asia /
245 ## - TITLE STATEMENT
Statement of responsibility, etc Cecile C.A. Balgos.
260 ## - PUBLICATION, DISTRIBUTION, ETC. (IMPRINT)
Place of publication, distribution, etc Quezon City:
260 ## - PUBLICATION, DISTRIBUTION, ETC. (IMPRINT)
Name of publisher, distributor, etc Raintree Publishing, Inc.
260 ## - PUBLICATION, DISTRIBUTION, ETC. (IMPRINT)
Date of publication, distribution, etc 2001
300 ## - PHYSICAL DESCRIPTION
Extent 148 pages :
300 ## - PHYSICAL DESCRIPTION
Other physical details illustrations ;
300 ## - PHYSICAL DESCRIPTION
Dimensions 21 cm.
500 ## - GENERAL NOTE
General note Includes bibliographical references.
650 ## - SUBJECT ADDED ENTRY--TOPICAL TERM
Topical term or geographic name as entry element AIDS (Disease) -- Asia, Southeastern.
650 ## - SUBJECT ADDED ENTRY--TOPICAL TERM
General subdivision AIDS (Disease) in mass media -- Asia, Southeastern.
Holdings
Withdrawn status Lost status Damaged status Home library Current library Shelving location Date acquired Cost, normal purchase price Total Checkouts Full call number Barcode Date last seen Price effective from Koha item type
      South Mansfield College South Mansfield College Filipiniana Section 03/07/2005 160.00   FIL RA 644.A25 .B35 2001 SMC00320 03/19/2016 03/19/2016  

Drugs, death & disease :

APA

Balgos C. C., .Drugs, death & disease. Quezon City: .

Chicago

Balgos Cecile C.A, .Drugs, death & disease. Quezon City: .

Harvard

Balgos C. C., .Drugs, death & disease. Quezon City: .

MLA

Balgos Cecile C.A, .Quezon City: . .

  • Place hold
  • Print
  • Cite
  • Add to your cart (remove)
  • Save record
    BIBTEX Dublin Core MARCXML MARC (non-Unicode/MARC-8) MARC (Unicode/UTF-8) MARC (Unicode/UTF-8, Standard) MODS (XML) RIS
  • More searches
    Search for this title in:
    Other Libraries (WorldCat) Other Databases (Google Scholar) Online Stores (Bookfinder.com) Open Library (openlibrary.org)

Exporting to Dublin Core...

SOUTHVILLE LIBRARY

Southville International School and Colleges Library

1281 Tropical Ave. Cor. Luxembourg St., BF Homes International, Las Pinas City

Tel. No. 8256374 / 252358 Loc. 117/146

Powered by Koha